Central Library OPAC University of Rajshahi

Thana level agriculture of Bangladesh / (Record no. 54810)

MARC details
000 -LEADER
fixed length control field 00777nam a2200229 a 4500
001 - CONTROL NUMBER
control field 54810
003 - CONTROL NUMBER IDENTIFIER
rucl marc code BD-RjUL
005 - DATE AND TIME OF LATEST TRANSACTION
control field 20211209080154.0
008 - FIXED-LENGTH DATA ELEMENTS--GENERAL INFORMATION
fixed length control field 161110s1979 bg o000 0 eng d
035 ## - SYSTEM CONTROL NUMBER
System control number (BD-RjUL)54932
040 ## - CATALOGING SOURCE
Original cataloging agency BD-RjUL
Language of cataloging eng
Transcribing agency BD-RjUL
Modifying agency BD-RjUL
041 ## - LANGUAGE CODE
Language code of text/sound track or separate title eng
082 ## - DEWEY DECIMAL CLASSIFICATION NUMBER
Edition number 23
Classification number 338.1095492
Author mark and year THA 1979
245 00 - TITLE STATEMENT
Title Thana level agriculture of Bangladesh /
Statement of responsibility, etc. Agro-Economic Research Section.
260 ## - PUBLICATION, DISTRIBUTION, ETC. (IMPRINT)
Place of publication, distribution, etc. Dacca :
Name of publisher, distributor, etc. Ministry of Agriculture & Forests, Agro-Economic Research Section,
Date of publication, distribution, etc. 1979.
300 ## - PHYSICAL DESCRIPTION
Pagination 256 p. ;
Size 26 cm.
490 ## - SERIES STATEMENT
Series statement Statistical series no.3
650 #0 - SUBJECT ADDED ENTRY--TOPICAL TERM
Topical term or geographic name as entry element Agriculture
Geographic subdivision Bangladesh
General subdivision Statistics
9 (RLIN) 163390
710 1# - ADDED ENTRY--CORPORATE NAME
Corporate name or jurisdiction name as entry element Bangladesh.
Subordinate unit Agro-Economic Research Section.
9 (RLIN) 140484
830 ## - SERIES ADDED ENTRY--UNIFORM TITLE
Uniform title Statistical series no.3
942 ## - ADDED ENTRY ELEMENTS (KOHA)
Source of classification or shelving scheme Dewey Decimal Classification
Koha item type Books
Holdings
Lost status Source of classification or shelving scheme Damaged status Not for loan Collection code Permanent Location Current Location Shelving location Date acquired Source of acquisition Cost, normal purchase price Total Checkouts Full call number Date last seen Copy number Koha item type
  Dewey Decimal Classification     Non-fiction Central Library, University of Rajshahi Central Library, University of Rajshahi   18/03/1980 Neamet book shop,Rajshahi 45.00   338.1095492 THA 1979 10/11/2016 C-2 Books
  Dewey Decimal Classification   Not For Loan Non-fiction Central Library, University of Rajshahi Central Library, University of Rajshahi Reading Room 18/03/1980 Neamat Book Shop 45.00   338.1095492 THA 1979 07/05/2017 C-1 Books
  Dewey Decimal Classification     Non-fiction Central Library, University of Rajshahi Central Library, University of Rajshahi   09/04/1984 Dhaka, Paragon Enterprises Ltd 45.00   338.1095492 THA 1979 13/06/2017 C-3 Books